College Quizbowl Stats
College Quizbowl Stats
Circuits
Seasons
Sets
Records
Detailed Stats
About
Loading...
2024 Penn Bowl CWRU
Tossups
Bonuses
Players
Teams
Categories (Tossup)
Categories (Bonus)
Jacob Evans
Michigan State A
Categories
Category
Powers
Gets
Negs
BBs
Points
Earliest Buzz
Avg. Buzz
First Buzzes
Top 3 Buzzes
BPA
PVF
Current Events
0
1
0
0
10
84
84.00
0
1
0.00
0.00
Geography
0
1
0
0
10
99
99.00
0
1
0.00
0.00
Pop Culture
0
1
0
1
10
131
131.00
1
1
0.00
0.00
Science - Other
0
0
1
0
-5
0.00
0
0
0.00
0.00
Buzzes
Category
Answer
Value
Buzz Position
Current Events
Nvidia Corporation
10
84
Science - Other
binary star systems
-5
94
Geography
Rhine River
10
99
Pop Culture
California Golden Bears
10
131
Previous
1
Next